000
00232nam a2200097Ia 4500
008
190216s9999||||xx |||||||||||||| ||und||
100
_a
Thomas.C.T
245
0
_a
Learning Through Pleasure
260
_b
Macmillan India Ltd
942
_c
BK
999
_c
13050
_d
13050